• 首页
  • 本馆介绍
  • 公告通知
  • 最新文献
  • 馆藏检索
  • 电子资源
  • 读者导购
  • 参考咨询
  • 我的图书馆
  • 登录
  • 详细信息显示
  • 放入我的书架
  • 预约/预借图书
  • 作者相关作品
  • 分类相关作品
  • 丛书相关作品
  • 出版社相关作品

书目信息

  • 表格格式
  • 工作单格式
  • 卡片格式
题名:
北京市雾灵山自然保护区综合科学考察报告
    
 
作者: 邢韶华 编著
分册:  
出版信息: 北京   中国林业出版社  2013
页数: 184页
开本: 26cm
丛书名: 自然保护系列丛书
单 册:
中图分类: S759.992.1
科图分类:
主题词: 自然保护区--科学考察--考察报告--北京 , 自然保护区 , 科学考察 , 考察报告
电子资源:
ISBN: 978-7-5038-7206-8
000 01125oam2 2200313 450
001 012015000372
005 20150914163809.70
010    @a978-7-5038-7206-8@dCNY60.00
100    @a20140429d2013 em y0chiy50 ea
101 0  @achi
102    @aCN@b110000
105    @aa z 000yy
106    @ar
200 1  @a北京市雾灵山自然保护区综合科学考察报告@Abei jing shi wu ling shan zi ran bao hu qu zong he ke xue kao cha bao gao@f邢韶华等编著
210    @a北京@c中国林业出版社@d2013
215    @a184页@c彩图(16页)@d26cm
225 2  @a自然保护系列丛书
304    @a编著还有:鲍伟东、王清春、崔国发
330    @a本书主要介绍了北京市雾灵山自然保护区的自然环境概况、维管束植物、植被、脊椎动物、昆虫、大型真菌、旅游资源及环境、自然保护区管理现状、社区及社区经济、保护区价值评价等内容。
461  0 @12001 @a自然保护系列丛书
606 0  @a自然保护区@x科学考察@x考察报告@y北京
606 0  @a自然保护区
606 0  @a科学考察
606 0  @a考察报告
610 0  @a雾灵山
690    @aS759.992.1@v5
701  0 @a邢韶华@Axing shao hua@f(1978~)@4编著
801  0 @aCN@b碧洲教育@c20150716
905    @a10447@f4@dS759.992.1@e74
    
    北京市雾灵山自然保护区综合科学考察报告/邢韶华等编著.-北京:中国林业出版社,2013
    184页:彩图(16页);26cm.-(自然保护系列丛书)
    
    
    ISBN 978-7-5038-7206-8:CNY60.00
    本书主要介绍了北京市雾灵山自然保护区的自然环境概况、维管束植物、植被、脊椎动物、昆虫、大型真菌、旅游资源及环境、自然保护区管理现状、社区及社区经济、保护区价值评价等内容。
●
相关链接 在E读中查询图书 在五车中查询图书 在当当中查询图书 在豆瓣中查询图书


正题名:北京市雾灵山自然保护区综合科学考察报告     索取号:S759.992.1/74         预约/预借

序号 登录号 条形码 馆藏地/架位号 状态 备注
1 0849556   208495564   第二样本阅览室/ [索取号:S759.992.1/74] 在馆    
2 0849557   208495573   第三借阅区/ [索取号:S759.992.1/74] 在馆    
3 0849558   208495582   第三借阅区/ [索取号:S759.992.1/74] 在馆    
4 0849559   208495591   第三借阅区/ [索取号:S759.992.1/74] 在馆    
唐山师范学院图书馆 欢迎您!
大连网信软件有限公司© 版权所有